Agroecological aspects of agricultural research in Bangladesh / (Record no. 40397)
[ view plain ]
| 000 -LEADER | |
|---|---|
| fixed length control field | 00943nam a2200277 a 4500 |
| 001 - CONTROL NUMBER | |
| control field | 40397 |
| 003 - CONTROL NUMBER IDENTIFIER | |
| rucl marc code | BD-RjUL |
| 005 - DATE AND TIME OF LATEST TRANSACTION | |
| control field | 20211209053214.0 |
| 008 - FIXED-LENGTH DATA ELEMENTS--GENERAL INFORMATION | |
| fixed length control field | 16 s2000 bg b b 001 0 eng |
| 020 ## - INTERNATIONAL STANDARD BOOK NUMBER | |
| International Standard Book Number | 9840515063 |
| Terms of availability | : Tk. 750.00 |
| 035 ## - SYSTEM CONTROL NUMBER | |
| System control number | (DLC) 00411488 |
| -- | (BD-RjUL) 40512 |
| 040 ## - CATALOGING SOURCE | |
| Original cataloging agency | DLC |
| Transcribing agency | DLC |
| Modifying agency | DLC |
| -- | BD-RjUL |
| Language of cataloging | eng |
| 041 ## - LANGUAGE CODE | |
| Language code of text/sound track or separate title | eng |
| 082 00 - DEWEY DECIMAL CLASSIFICATION NUMBER | |
| Edition number | 23 |
| Classification number | 630.7205492 |
| Author mark and year | BRA 2000 |
| 100 1# - MAIN ENTRY--PERSONAL NAME | |
| Personal name | Brammer, Hugh. |
| 9 (RLIN) | 124379 |
| 245 10 - TITLE STATEMENT | |
| Title | Agroecological aspects of agricultural research in Bangladesh / |
| Statement of responsibility, etc. | Hugh Brammer. |
| 260 ## - PUBLICATION, DISTRIBUTION, ETC. (IMPRINT) | |
| Place of publication, distribution, etc. | Dhaka : |
| Name of publisher, distributor, etc. | Uniersity Press, |
| Date of publication, distribution, etc. | 2000. |
| 300 ## - PHYSICAL DESCRIPTION | |
| Pagination | xvii, 376 p. : |
| Illustrations | maps ; |
| Size | 25 cm. |
| 504 ## - BIBLIOGRAPHY, ETC. NOTE | |
| Bibliography, etc | Includes bibliographical references (p. [351]-353) and indexes. |
| 650 #0 - SUBJECT ADDED ENTRY--TOPICAL TERM | |
| Topical term or geographic name as entry element | Agriculture |
| General subdivision | Research |
| Geographic subdivision | Bangladesh. |
| 9 (RLIN) | 124447 |
| Topical term or geographic name as entry element | Agricultural ecology |
| Geographic subdivision | Bangladesh. |
| 9 (RLIN) | 124448 |
| Topical term or geographic name as entry element | Soil management |
| Geographic subdivision | Bangladesh. |
| 9 (RLIN) | 124449 |
| 942 ## - ADDED ENTRY ELEMENTS (KOHA) | |
| Source of classification or shelving scheme | Dewey Decimal Classification |
| Koha item type | Books |
| Lost status | Source of classification or shelving scheme | Damaged status | Not for loan | Collection code | Permanent Location | Current Location | Shelving location | Date acquired | Source of acquisition | Cost, normal purchase price | Total Checkouts | Full call number | Date last seen | Copy number | Koha item type | Date checked out |
|---|---|---|---|---|---|---|---|---|---|---|---|---|---|---|---|---|
| Dewey Decimal Classification | Not For Loan | Non-fiction | Central Library, University of Rajshahi | Central Library, University of Rajshahi | Reading Room | 28/10/2015 | Biddashagor, Rajshahi | 750.00 | 630.7205492 BRA 2000 | 30/04/2016 | C-1 | Books | ||||
| Dewey Decimal Classification | Non-fiction | Central Library, University of Rajshahi | Central Library, University of Rajshahi | 28/10/2015 | Biddashagor, Rajshahi | 750.00 | 1 | 630.7205492 BRA 2000 | 28/09/2016 | C-2 | Books | 25/07/2016 | ||||
| Dewey Decimal Classification | Non-fiction | Central Library, University of Rajshahi | Central Library, University of Rajshahi | 28/10/2015 | Biddashagor, Rajshahi | 750.00 | 630.7205492 BRA 2000 | 30/04/2016 | C-3 | Books |